Road safety annual report 2016

Saved in:
Bibliographic Details
Corporate Author: International Transport Forum
Format: Book
Language:English
Published: Paris OECD 2016
Subjects:
Tags: Add Tag
No Tags, Be the first to tag this record!

MARC

LEADER 00000nam a2200000 4500
001 0229140
005 20221107101200.3
020 |a 978-92-82-10797-3 
022 |a 2312-4563 
041 0 |a eng 
044 |a FR 
245 1 0 |a Road safety annual report 2016 
264 1 |a Paris  |b OECD  |c 2016 
300 |a 537 s. 
610 2 0 |a doprava 
610 2 0 |a doprava cestná 
610 2 0 |a doprava cestná nákladná 
610 2 0 |a doprava cestná osobná 
610 2 0 |a doprava hromadná mestská 
610 2 0 |a bezpečnosť dopravy 
610 2 0 |a politika dopravná 
610 2 0 |a porovnanie medzinárodné 
710 2 |a International Transport Forum